000 01060nam0a22002771 4500
001 rc\2589432
005 20250623123032.0
035 _a(NLR Aleph) 006753758
090 _a5771835
_c5771835
100 _a20110914d1929 |||y0rusy50 ca
101 0 _arus
102 _aRU
105 _aa z |||||
200 1 _aМои питомцы и друзья
_eИз воспоминаний старого естественника
_eС ил. в тексте
_fП. В. Быков
_gПод ред. и с предисл. проф. Б. Е. Райкова
210 _a[Ленинград]
_cКрасная газета
_d1929
_gтип. им. Володарского
215 _a162 с.
_cил.
_d23х15 см.
300 _aОбложка: S. P. [Сергей Пожарский]
700 1 _aБыков
_bП.В.
_f1843-1930
_gПетр Васильевич
702 1 _aРайков
_bБ.Е.
_4340
_4080
801 0 _aRU
_bNLR
_gpsbo
801 1 _aRU
_bELAR
_2rusmarc
852 _aNLR
_j38.18.5.34
852 _aNLR
_j133/1806
942 _cBOOK
980 _aNB